Technology of wood bonding : principles in practice /

Bibliographic Details
Main Author: Marra, Alan A.
Format: Book
Language:English
Published: New York : Van Nostrand Reinhold, [1992]
Subjects:

MARC

Tag First Indicator Second Indicator Subfields
LEADER 00000cam a2200000 a 4500
001 in00001109821
005 20150929212954.0
008 911226s1992 nyua b 001 0 eng
010 |a  91045707  
020 |a 0442007973 
035 |a (OCoLC)25130821 
035 |9 AFU1696AM 
040 |a DLC  |c DLC  |d AGL  |d TXA  |d UtOrBLW 
049 |a TXAM 
050 0 0 |a TS857  |b .M37 1992 
070 0 |a TS857.M37  |b 1992 
072 0 |a K540 
082 0 0 |a 668/.3  |2 20 
100 1 |a Marra, Alan A. 
245 1 0 |a Technology of wood bonding :  |b principles in practice /  |c Alan A. Marra. 
264 1 |a New York :  |b Van Nostrand Reinhold,  |c [1992] 
264 4 |c ©1992 
300 |a xvi, 454 pages :  |b illustrations ;  |c 26 cm. 
336 |a text  |b txt  |2 rdacontent 
337 |a unmediated  |b n  |2 rdamedia 
338 |a volume  |b nc  |2 rdacarrier 
504 |a Includes bibliographical references (pages 431-432) and index. 
650 0 |a Wood  |x Bonding. 
650 0 |a Adhesives. 
650 0 |a Gluing. 
999 |a MARS 
999 f f |s 115defaa-eb27-3933-b334-0e98b9a5e51f  |i 9382fa6a-8759-3c99-adac-c4f7295a7e20  |t 0 
952 f f |p ric  |a Texas A&M University  |b Rellis Campus  |c Joint Library Facility  |d Remote Storage  |t 0  |e TS857 .M37 1992  |h Library of Congress classification  |i unmediated -- volume  |m A14816769821 
998 f f |a TS857 .M37 1992  |t 0  |l Remote Storage